| 000 | 00904nam a2200229 a 4500 | ||
|---|---|---|---|
| 001 | 000045499 | ||
| 005 | 20240226140810.0 | ||
| 008 | 150410s2003 dr 000 0 spa d | ||
| 020 | _z084200091X | ||
| 040 |
_aDO-SdBNP _bspa _cBNPHU |
||
| 082 |
_axxxx _bxxxx |
||
| 100 | 1 |
_aMañón Rossi, Wilfredo _937599 |
|
| 245 | 1 | 0 |
_aAdán : _bel primer naturista / _cWilfredo Mañón Rossi ; prólogo José R. Dunker. |
| 246 | 1 | 0 |
_aAdán, el primer naturista : _bla excelencia de la medicina natural con lo mejor de la medicina convencional. |
| 250 | _a3ra ed. revisada | ||
| 260 |
_aSanto Domingo : _bUNEV, _c2003. |
||
| 300 |
_a255 P. ; _c21 cm. |
||
| 500 | _aIncluye datos biográficos del autor en la solapa de la contracubierta | ||
| 504 | _aBibliografía : p. 251-254 | ||
| 700 | 1 |
_aDunker L., José, _d1943- _epról. _91027 |
|
| 710 | 2 | 2 |
_aUniversidad Nacional Evangélica (UNEV), República Dominicana _973552 |
| 999 |
_c44988 _d44988 |
||